=LDR 00000nam 2200000 4500 =001 INLIS000000000020703 =005 20130612115633 =008 ***********************************Ind** =035 ##$$0010-061300000020703 =041 ##$$a Ind =082 ##$$a 342.008 =090 ##$$a 342.008, Ind u =100 ##$$a Indonesia.Undang-Undang, Peraturan dsb =245 ##$$a Undang-undang kepegawaian lengkap UU no.43 tahun 1999 =260 ##$$a 2005 $b Jakarta =300 ##$$a x, 426 hlm, 22 cm =650 ##$$a Kepegawaian-Undang-Undang dan peraturan =850 ##$$a NBPNMAT